Sports Quiz

Random Sports Quiz
Score 0/10 Timer 03:00
0 Plays Today
Intitulé Réponse % Correct
Il a offert la qualification au Stade Rennais en claquant un doublé contre Astana lors du dernier matchIsmaïla Sarr
89.9%
Score de Monaco-Club Bruges0-4
75.8%
Malgré son doublé, Hoffenheim n’a pu faire que match nul face à Lyon en AllemagneAndrej Kramarić
43.1%
Cette équipe a terminé la phase de groupe de C1 avec la meilleure défenseBorussia Dortmund
37.3%
Il a marqué un but dans cinq des six matchs de poule du FC PortoMousa Marega
36.3%
Il est devenu le cauchemar de l’OM en donnant la victoire à l’Eintracht Francfort à Marseille, avant de claquer un doublé au retourLuka Jović
33.9%
Seule équipe à avoir terminé la phase de poule avec aucun point au compteurAEK Athènes
30.7%
Il a profité du large succès de Dortmund face à l’Atlético pour claquer un doubléRaphaël Guerreiro
22.7%
Cette équipe a terminé la phase de groupe de Ligue Europa avec la meilleure attaqueFC Séville
15.4%
Liverpool s’est incliné au Marakana face à l’Étoile Rouge de Belgrade à cause d’un doublé de cet hommeMilan Pavkov
7%
Remove Ads.
Support Sporcle.
Get the best of Sporcle when you Go Orange. This ad-free experience offers more features, more stats, and more fun while also helping to support Sporcle. Thank you for becoming a member.

You're not logged in!

Compare scores with friends on all Sporcle quizzes.
OR
Log In

Show Comments

Extras

Created Dec 13, 2018ReportNominate
Tags:des, International, mode, phase

Top Quizzes Today


Score Distribution

Your Account Isn't Verified!

In order to create a playlist on Sporcle, you need to verify the email address you used during registration. Go to your Sporcle Settings to finish the process.

Report this User

Report this user for behavior that violates our Community Guidelines.

Details: